Grenzflüsse nach Länder - Statistiken

Allgemein
  • Dieses Quiz wurde 37 mal gespielt
  • Das Durchschnittsergebnis liegt bei 6 aus 7
Antwortstatistiken
Land Grenzfluss % Korrekt
BrasilienKolumbien Peru Amazonas
97%
BulgarienDeutschland Kroatien Moldau Österreich Rumänien Serbien Slowakei Ukraine Ungarn Donau
97%
DeutschlandFrankreich Liechtenstein Niederlande Österreich Schweiz Rhein
97%
DeutschlandÖsterreich Schweiz Inn
88%
ChinaKambodscha Laos Myanmar Thailand Vietnam Mekong
88%
MexikoUSA Colorado
53%
DeutschlandÖsterreich Salzach
35%
Keine übereinstimmenden Quizze gefunden
Verteilung der Resultate
Anzahl Personen mit jedem Resultat
Perzentil nach korrekt beantworteten Fragen
Ihre Resultats-Entwicklung
Sie haben dieses Quiz noch nicht gespielt